[Event "George Marx Memorial 4th"]
[Site "Paks"]
[Date "2006.07.31"]
[Round "4"]
[White "Almasi, Zoltan"]
[Black "Wang, Yue"]
[Result "1-0"]
[WhiteElo "2672"]
[BlackElo "2626"]
[Annotator "Rogozenco,D"]
[PlyCount "95"]
[EventDate "2006.07.28"]
[EventType "tourn"]
[EventRounds "10"]
[EventCountry "HUN"]
[EventCategory "15"]
[SourceTitle "CBM 113 Extra"]
[Source "ChessBase"]
[SourceDate "2006.09.14"]
[SourceVersion "1"]
[SourceVersionDate "2006.09.14"]
[SourceQuality "1"]

1. e4 c5 2. Nf3 Nc6 3. d4 cxd4 4. Nxd4 Nf6 5. Nc3 e5 6. Ndb5 d6 7. Bg5 a6 8.
Na3 b5 9. Bxf6 gxf6 10. Nd5 f5 11. Bd3 Be6 12. c3 Bg7 13. Nxb5 axb5 14. Bxb5
Bd7 15. exf5 O-O (15... Nb8 {is probably not sufficient in view of} 16. a4 $1
Bxb5 17. axb5 Rxa1 18. Qxa1 O-O 19. Qa3 ({Also strong is Winckelmann's
suggestion} 19. O-O Nd7 20. Qa7 $1) ({But not} 19. Qa4 $2 Nd7 20. O-O Nf6 21.
Nxf6+ Bxf6 22. Rd1 d5 23. c4 d4 $17 {0-1 Murariu,A (2475)-Rogozenko,D (2517)/
Timisoara 2005 (43)})) 16. O-O Rb8 17. a4 Re8 18. Qg4 Kh8 19. Qe4 f6 20. b4 Ne7
21. Bxd7 Qxd7 22. Nxe7 Qxe7 $146 {The theory of this theoretical line is very
new. In the only existing game Black equalized easily, but White's play could
be improved. Therefore the Chinese GM makes an attempt to change something
earlier, but Almasi shows the drawback of Black's idea.} (22... Rxe7 23. Rfd1
Qc7 ({Serious attention deserves} 23... Qc8 {[%cal Ge7c7]}) 24. Rd3 ({Correct
is} 24. Ra3 $1 Bf8 25. a5 {with advantage for White.}) 24... d5 $1 25. Rxd5 (
25. Qxd5 e4 26. Re3 Rd8 27. Qb3 Bh6 $13) 25... Qxc3 26. Rad1 Ree8 27. b5 Bf8
28. Qh4 Be7 29. g3 {1/2-1/2 Parligras,M (2564)-Nguyen,N (2466)/Budapest 2004})
23. a5 ({Stronger than} 23. Rfd1 Qc7 24. Ra3 Bf8 {when} 25. a5 {runs into} d5
$1 {(in opposite to the game Parligras-Nguyen - see there 24.Ra3! - here the
rook on e8 instead of e7 makes the difference in Black's favour)} 26. Qxd5 (26.
Rxd5 Bxb4 $19) 26... Rbd8 27. Qf3 (27. Qb3 Qxc3 $1) 27... e4 28. Qe2 e3 $1 $132
) (23. Qd5 Rec8 24. Ra3 Qd7 {is also okay for Black.}) 23... Rec8 24. Rfb1 $1 {
A new and powerful concept for these positions: White sacrifices the c-pawn
and shows that if Black is not well coordinated he has big difficulties to
stop White's pawns.} Qd7 $2 (24... Rxc3 {looks very risky, even if things are
far from clear:} 25. b5 Qa7 (25... Rc7 26. b6 Rcb7 27. a6 Rxb6 28. Rxb6 Rxb6
29. a7 $18) (25... d5 26. Qxd5 Rc5 27. Qe6 Qxe6 (27... Qd8 28. b6 $18) 28. fxe6
Rcxb5 29. Rxb5 Rxb5 30. a6 Rb8 31. a7 Ra8 32. e7 Kg8 33. Rb1 $18) 26. Qe2 {
[%cal Gb5b6]} ({Better is} 26. Qd5 {and only White can play for a win.}) 26...
Qa8 (26... Qd4 27. b6 Rc6 28. Qe3 Qxe3 29. fxe3 Bh6 30. Rb3 d5 31. Kf1 (31. a6
$4 Rcxb6 32. Rxb6 Bxe3+ $19) 31... d4 32. a6 $18) 27. b6 Rc6 28. Qb5 Rc5 $1 (
28... Bf8 29. Rc1 $18) (28... Bh6 29. a6 Rcxb6 30. Qxb6 Rxb6 31. Rxb6 Qa7 32.
Rb7 Qd4 33. Rab1 $18) 29. Qa4 Qa6 {and Black blockades the pawns.}) ({The
critical move is} 24... Qf7 $1 {preparing the advance ...d5 and at the same
time preventing 25.c4. Black's main idea is to bring the bishop to c5:} 25. b5
(25. Rd1 $2 Rxc3) 25... d5 26. Qd3 (26. Qe2 Bf8 27. b6 Bc5 28. Rb5 Qd7 {
[%cal Gd7c6]} (28... d4 29. c4 e4 $13)) 26... Bf8 27. b6 Bc5 28. Rb5 d4 29. c4
e4 $1 30. Qxe4 (30. Qb3 e3 $13) 30... Qxc4 31. Rbb1 Bb4 $13 {This position is
very likely to end in some sort of draw.}) 25. c4 d5 $8 (25... Bf8 26. Qd5 (26.
b5 d5 $1) 26... Qxf5 27. b5 Rc5 (27... Qd7 28. a6 $18) 28. Qf7 Rbc8 (28... Qc8
29. a6 $18) 29. b6 Rxc4 30. Rf1 $1 (30. b7 $4 Qxb1+ 31. Rxb1 Rc1+ 32. Rxc1
Rxc1#) 30... Rg4 31. g3 $1 (31. b7 $2 Rxg2+ $11) 31... Rg7 32. Qd5 $18) 26.
cxd5 ({Black has good chances to escape after} 26. Qxd5 Qxd5 27. cxd5 Bf8 28.
b5 Rc2 29. b6 Bc5 {For instance:} 30. b7 Bxf2+ 31. Kh1 Ba7 32. a6 Rd2 33. Rc1
Rxd5 34. Rc8+ Kg7 35. h3 Rb5 36. Rxb8 Bxb8 37. a7 Bxa7 38. Rxa7 Kh6 $11 39. Ra6
Kg5 $1) 26... Bf8 27. h3 $16 {With four pawns for the piece and no active
counterplay for Black, the evaluation is clear: Black has a tough fight for
the draw.} Rb5 28. a6 Qd6 29. a7 Ra8 30. Qc4 Rb6 31. Rc1 Qd7 32. Ra6 $5 ({
Another possibility to play for a win was to exchange queens:} 32. Qc7 Qxc7 (
32... Rb7 33. d6 Bxd6 34. Qxd7 Rxd7 35. Rd1 Raxa7 36. Rxa7 Rxa7 37. Rxd6 $18)
33. Rxc7 Rxb4 (33... Bxb4 34. Rac1 Bf8 35. R1c6 $16) 34. Ra6 Rd4 35. Rxf6 Rxd5
36. g4 $16) 32... Rxb4 (32... Rxa6 33. Qxa6 Qxa7 34. Qxf6+ Qg7 35. Qe6 Bxb4 36.
Rc4 $16) 33. Qc6 Rxa7 34. Rxa7 Qxa7 35. Qxf6+ Qg7 36. Qe6 Rb8 37. Rc4 e4 38.
Rxe4 Qc7 39. g3 Rb6 40. Qe8 Rb8 (40... Rf6 $142 41. g4 Kg7 42. Kg2 $16) 41. Qc6
Qd8 42. Kg2 Qa5 43. d6 $1 $18 Qxf5 44. d7 Rd8 45. Re8 Rxd7 46. Rxf8+ Qxf8 47.
Qxd7 Qa8+ 48. Kh2 1-0

[Event "CUB-ch"]
[Site "Las Tunas"]
[Date "2001.04.01"]
[Round "1"]
[White "Bruzon Batista, Lazaro"]
[Black "Gongora Reyes, Maikel"]
[Result "1/2-1/2"]
[WhiteElo "2584"]
[BlackElo "2417"]
[Annotator "Rogozenco,D"]
[PlyCount "56"]
[EventDate "2001.04.01"]
[EventType "tourn"]
[EventRounds "16"]
[EventCountry "CUB"]
[EventCategory "9"]
[SourceTitle "CBM 083"]
[Source "ChessBase"]
[SourceDate "2001.07.05"]
[SourceVersion "1"]
[SourceVersionDate "2001.07.05"]
[SourceQuality "1"]

1. e4 c5 2. Nc3 Nc6 3. Nf3 Nf6 4. d4 cxd4 5. Nxd4 e5 6. Ndb5 d6 7. Bg5 a6 8.
Na3 b5 9. Nd5 Be7 10. Bxf6 Bxf6 11. c3 Bg5 12. Nc2 Rb8 13. g3 (13. a4 $142 $14
{/=.}) 13... O-O 14. Bg2 (14. h4 Bh6 15. Bh3 Be6 16. Bxe6 fxe6 17. Nde3 Bxe3
18. Nxe3 Qe7 $11 {0-1 Vokarev,S-Yagupov,I/Linares 2000/ (54)}) 14... a5 15. a3
(15. O-O Ne7 16. Nce3 Bxe3 17. Nxe3 Be6 18. Qd2 Qb6 19. Rfd1 Rfd8 $11 {1/2-1/2
Malakhov,V-Kharlov,A/Saint Vincent 2000/ (49)}) 15... Ne7 16. Nce3 {It is
known for long time that in such a way is impossible to get any advantage out
of the opening. Black is happy to trade his dark-squared bishop for any of the
white knights.} Bxe3 17. Nxe3 b4 18. axb4 (18. cxb4 {This would lose control
over d4-square.} axb4 19. O-O bxa3 (19... b3 $5 {[%cal Re7c6,Rc6d4]} 20. Rc1
$14 (20. Nd5 Nc6)) 20. bxa3 Nc6 $11) 18... axb4 19. O-O Be6 20. Qd3 (20. c4 b3
(20... Nc6 21. b3 Nd4 22. Qd3 Ra8 23. Nc2 Nxc2 24. Qxc2 Qb6 $11) 21. Ra6 $1 (
21. Qd3 Nc6 $132) 21... Qc8 22. Rxd6 Bxc4 23. Nxc4 Qxc4 24. Qd2 $11) 20... bxc3
21. bxc3 Qc7 {The position is absolutely equal.} 22. Rfd1 Rb6 23. h4 Rc8 24.
Ra3 h6 25. Rda1 Qc5 26. Ra6 Rxa6 27. Rxa6 Qxc3 28. Qxc3 Rxc3 1/2-1/2

[Event "Bundesliga 0203"]
[Site "Germany"]
[Date "2002.12.15"]
[Round "6.2"]
[White "Tiviakov, Sergei"]
[Black "De Vreugt, Dennis"]
[Result "1-0"]
[WhiteElo "2631"]
[BlackElo "2477"]
[Annotator "Rogozenco,D"]
[PlyCount "81"]
[EventDate "2002.10.19"]
[EventType "team-tourn"]
[EventRounds "15"]
[EventCountry "GER"]
[SourceTitle "CBM 093"]
[Source "ChessBase"]
[SourceDate "2003.04.01"]
[SourceVersion "1"]
[SourceVersionDate "2003.04.01"]
[SourceQuality "1"]
[WhiteTeam "Emsdetten Turm"]
[BlackTeam "Wattenscheid"]
[WhiteTeamCountry "GER"]
[BlackTeamCountry "GER"]

1. e4 c5 2. Nf3 Nc6 3. d4 cxd4 4. Nxd4 Nf6 5. Nc3 e5 6. Ndb5 d6 7. Bg5 a6 8.
Na3 b5 9. Nd5 Be7 10. Bxf6 Bxf6 11. c3 O-O 12. Nc2 Rb8 13. Be2 {The old good
move. In the last decade almost everyone switched to the fashionable 13.h4. 13.
Be2 was proved to give Black enough chances to reach equality, and that's how
the more ambitious 13.h4 practically replaced it in the practice. But in fact
the thing is, that after 13.Be2 in arising equal positions there is still
quite a lot of room for White to outplay less experienced opponent, and that's
exactly what happened in this game.  As we'll see in examples below, often
even very strong GMs with Black can succumb to the pressure, if White
skillfully arranges the pieces.} Bg5 14. Qd3 (14. O-O a5 15. Qd3 Be6 16. Nce3
Bxe3 17. Nxe3 Qd7 (17... Qc7 18. Rfd1 Rfd8 19. Bg4 Ne7 20. Qe2 d5 21. Bxe6 fxe6
22. Qg4 Rb6 23. Qg3 Rc6 24. Qg5 d4 25. Ng4 Ng6 26. h4 {and White won after a
long battle, Kamsky-Ivanchuk, Tilburg (rapid) 1992.}) (17... Qb6 $5) 18. h3
Rfd8 19. Bg4 Ne7 20. Rfd1 Rbc8 21. Bxe6 fxe6 22. a4 bxa4 23. Qc2 Rb8 24. Nc4
Qb5 25. Qxa4 $16 {1-0 Kamsky,G-Lputian,S/Biel 1993 (61)}) 14... a5 (14... Ne7
15. Ncb4) 15. Rd1 {An interesting move order, discovered by Zigurds Lanka. It
considerably limits Black's options.} Be6 (15... Ne7 16. Nce3 $5 (16. O-O Nxd5
17. Qxd5 Be6 18. Qxd6 Qxd6 19. Rxd6 Bxa2 $11 20. Ra6 Bb3 21. Na1 (21. Na3 b4)
21... Bc4 22. Bxc4 bxc4 23. Rxa5 Rfe8 $44 {[%csl Ra1]}) (16. Nxe7+ Bxe7 17. Ne3
Be6 18. Nd5 Qd7 19. O-O (19. Nxe7+ Qxe7 20. Qxd6 Qxd6 21. Rxd6 Bxa2 $13) 19...
Bd8 $11) 16... Bxe3 17. Nxe3 Be6 {due to White's move order, Black does not
have time for the typical Qb6 and Rd8 - pawn d6 is attacked.} 18. Qxd6 Qxd6 19.
Rxd6 Bxa2 {This position needs practical tests. I suspect Black didn't solve
all problems yet. In the game Lanka-Nikso Koivisto, Cappelle la Grande 1992 
(which reached this position after a slightly different move order) Black
quickly found himself in troubles after} 20. O-O b4 21. Ra6 $1 $16) 16. O-O Ne7
{In principle Black is doing everything correctly - he uses the fact that
White left pawn a2 without protection for a moment and attacks knight d5 once
again. Another plan is to play g6 with idea Kh8 and f5.} 17. Nce3 Bxe3 {
In this particular position this typical trade doesn't fully solve all
problems due to White's pressure on the d-file.} (17... Qd7 $5 18. h3 {[%cal
Ge2g4]} (18. Nxe7+ Bxe7 19. Nd5 Bd8 $11) 18... Rfd8 19. Bg4 Bxe3 20. Nxe3 Qe8
21. Bxe6 fxe6 $13 {The position is approximately equal, but accuracy from
Black is required.}) 18. Nxe3 Rb6 (18... Bxa2 19. Qxd6 Qxd6 20. Rxd6 a4 $5 21.
Ra6 $14 (21. Rd7 Ng6 22. g3 Be6 23. Rd6 b4 $132)) 19. Rd2 $1 b4 $6 (19... Bxa2
$6 20. Ra1 (20. b4 $5)) (19... Qc8 $142 20. Rfd1 Rd8 21. h3 Ng6 22. Bg4 Nf4 $14
) 20. c4 $1 Qc7 $6 (20... Qc8 $142 {Black will not be able to avoid Bg4 later,
but provoking h3 can only favour Black - the pawn on h2 will take away an
important square from White's pieces.}) (20... b3 {doesn't work, White has two
pleasant options - either to take and protect it with Bd1, or play directly 21.
c5. A move like b4-b3 is justified mostly when it forces White to answer a2-a3,
which makes Black happy - the pawn b2 becomes a potential weakness after that.}
) 21. b3 g6 $6 {It is not clear why did Black need this move, if he didn't
intend f7-f5.} (21... Nc6 $2 22. Qxd6) (21... Qc8 22. Rfd1 Ng6 $5 $16) (21...
f6 22. Bg4 Bf7 23. Rfd1 $16) 22. Bg4 $1 Qc5 $2 {The queen will be needed to
protect the weak pawn on e6.} (22... f5 23. Bh3 $14 {/+/-}) 23. Bxe6 fxe6 24.
Nd1 {[%csl Re6] Time for Black to find a very exact plan to defend his pawn
weaknesses. In the game he quickly collapsed. However, Black's position is
already difficult, White will press on d6 and connect it with c4-c5, which
together with knight on d3 will lead to loss of e5-pawn.} Rd8 $6 25. Nb2 Rbb8
$2 26. Qh3 $18 Qc8 27. Rfd1 {Black loses material. The game is over.} Nc6 28.
Rxd6 Rxd6 29. Rxd6 Nd4 30. Nd3 {Next part is easy for White - there are still
many weaknesses left in Black's camp. The game is a good example of how a
careless play easy leads to Black's disaster in this system.} Qc7 31. c5 Rd8
32. Rxd8+ Qxd8 33. Qg4 Qc7 34. h4 Kg7 35. h5 Kf6 36. hxg6 hxg6 37. Qh4+ Kg7 38.
Qg5 Nc6 39. g3 Qd7 40. Nxe5 Qd1+ 41. Kg2 1-0

[Event "Sufe Cup"]
[Site "Shanghai"]
[Date "2000.03.04"]
[Round "2"]
[White "Xie, Jun"]
[Black "Ye, Jiangchuan"]
[Result "1/2-1/2"]
[WhiteElo "2542"]
[BlackElo "2616"]
[Annotator "Rogozenco,D"]
[PlyCount "66"]
[EventDate "2000.03.03"]
[EventType "tourn"]
[EventRounds "13"]
[EventCountry "CHN"]
[EventCategory "13"]
[SourceTitle "CBM 076"]
[Source "ChessBase"]
[SourceDate "2000.05.31"]
[SourceVersion "1"]
[SourceVersionDate "2000.05.31"]
[SourceQuality "1"]

1. e4 c5 2. Nf3 Nc6 3. d4 cxd4 4. Nxd4 Nf6 5. Nc3 e5 6. Ndb5 d6 7. Bg5 a6 8.
Na3 b5 9. Nd5 Be7 10. Bxf6 Bxf6 11. c3 Ne7 12. Nxf6+ gxf6 13. Be2 Bb7 14. Bf3 {
White prevents d6-d5.} Qb6 $1 {Played first by Sermek, then by Krasenkow, this
idea is the best reply. It turns out that Black pushes d5 anyway.} 15. Nc2 d5
16. Qe2 {Novelty. White decides to keep the pressure in the center.} (16. exd5
Rd8 17. Qe2 (17. O-O Rg8 $13 {Forster-Sermek/SWZ-ch/1994.}) 17... Nxd5 18. Bxd5
Bxd5 19. Ne3 Be4 $132 {Illescas Cordoba-Krasenkow/Pamplona/1998}) 16... Rd8 17.
O-O h5 {Such ideas are quite typical for 11. ... Ne7 line (the idea of not
castling). Black King is rather safer in the center than elsewhere. But
Black's last move is a risky one. It's a kind of provocative move, asking
White to take the pawn, when the h-file will be open to attack the white King.
The concrete idea is to take the square g4 under control, preparing f5.} (17...
f5 18. exf5 e4 19. Bg4 $16) (17... dxe4 18. Bxe4 Bxe4 19. Qxe4 O-O 20. Ne3 Qe6
$13) 18. Rfd1 (18. Bxh5 $2 dxe4 $17) 18... f5 19. exf5 e4 20. Bxh5 Qh6 21. g4
Qg5 {White is temporarily two pawns up, but can hardly keep them.} 22. Kh1 (22.
f6 $5 Ng8 $1 (22... Qxf6 23. a4 $36) 23. f4 Qh6 $1 24. a4 bxa4 25. Rxa4 Nxf6
$132) 22... Nxf5 23. Nd4 Ng7 {Taking back the pawn. But White mantains a
slight advantage, thanks to his strong Knight and the weaken dark squares. On
the other hand Black has enough counterplay on the kingside.} (23... Nxd4 24.
Rxd4 $14 (24. cxd4 Rc8 $13)) 24. Qe3 Qxe3 (24... Qf6 $5) 25. fxe3 Nxh5 26. gxh5
Rxh5 27. Rg1 Ke7 28. Raf1 Rdh8 29. Rf2 Bc8 $11 30. Rg7 Rf8 31. Kg1 Rh3 32. Rg3
Rh7 33. Ne2 Rh5 $14 1/2-1/2

[Event "Ciocaltea Memorial"]
[Site "Bucharest"]
[Date "2000.03.12"]
[Round "9"]
[White "Marjanovic, Slavoljub"]
[Black "Rogozenco, Dorian"]
[Result "1-0"]
[WhiteElo "2524"]
[BlackElo "2562"]
[Annotator "Rogozenco,D"]
[PlyCount "83"]
[EventDate "2000.03.13"]
[EventType "tourn"]
[EventRounds "13"]
[EventCountry "ROU"]
[EventCategory "10"]
[SourceTitle "CBM 077"]
[Source "ChessBase"]
[SourceDate "2000.07.27"]
[SourceVersion "1"]
[SourceVersionDate "2000.07.27"]
[SourceQuality "1"]

1. e4 c5 2. Nf3 Nc6 3. d4 cxd4 4. Nxd4 Nf6 5. Nc3 e5 6. Ndb5 d6 7. Nd5 Nxd5 8.
exd5 Nb8 9. Be3 a6 10. Na3 Nd7 {The precise move order, which forces White to
lose another tempo with Qd2.} (10... Be7 11. Nc4 Nd7 12. a4 O-O 13. Be2) 11.
Qd2 (11. Nc4 $6 b5 $15) 11... Be7 12. Nc4 O-O (12... a5 {was met in the
practice before, which has its logic too - it secures c5-square for the Knight
and prevents White from gaining space on the quennside.}) 13. a4 f5 14. f4 (14.
g3 $13) 14... exf4 15. Bxf4 Nc5 $1 16. Be2 Bf6 17. Ra2 $146 (17. Qb4 Ne4 18.
Bf3 $6 (18. c3 $13) 18... Bd4 19. Bxe4 Bc5 20. Qd2 Re8 21. O-O-O Rxe4 $17 {
Naiditsch-Hamdouchi/ Pulvermuele 2000}) 17... Ne4 18. Qd3 (18. Qb4 $2 Bd4 $17)
18... Bd7 $1 {Now Black's development advantage may become decisive and White
needs a careful play to avoid a quick loss.} 19. Be3 $8 (19. O-O $2 Bxa4 $1 $17
20. Rxa4 Nc5 21. Qa3 Nxa4 22. Qxa4 b5 23. Qb4 bxc4 24. Bxd6 a5 25. Qa3 Bxb2 $19
) (19. Nxd6 $2 Qb6 (19... g5 $5 20. Bg3 Nxg3 21. hxg3 Qc7 22. Nc4 b5 $36) 20.
Nxe4 fxe4 21. Qb3 (21. Qxe4 Rae8 $19) 21... Bh4+ 22. Bg3 Bxg3+ 23. hxg3 (23.
Qxg3 Qd4 $17) 23... Qf2+ $17) (19. Bxd6 $2 b5 20. Bxf8 bxc4 $17) 19... Nc5 20.
Bxc5 dxc5 21. a5 (21. O-O b5 $17) 21... Bb5 $15 {Black reached a very
comfortable position, but it costed me a bit too long and now I was forced to
take my decisions quicker.} 22. O-O Bxc4 $6 (22... Bd4+ 23. Kh1 Qh4 $5 $36) 23.
Qxc4 Qd6 $15 24. c3 Be5 25. h3 Rae8 26. Bd3 g6 27. Ra3 Kh8 28. Rb3 Qe7 $138 {
Playing for mate looks very attractive, but White is out of real danger and is
able to hold the position.} (28... Qc7 $142 29. Rb6 Bd6 30. b4 Re3 $15) 29. Rf2
$8 (29. Rb6 Bd6 $17 {/\ 30. ... Qe5.}) 29... Bb8 30. Re2 Qc7 31. Re6 (31. d6
Qxd6 32. Rxb7 Bc7 $13) 31... Rxe6 32. dxe6 Rd8 33. Qh4 $2 $138 {The mutual
time trouble plays its role.} (33. Be2 Qe5 34. Rxb7 Qe3+ $11) 33... Rxd3 34. e7
Qh2+ $2 {This mistake in the time trouble is based on a miscalculation.} (34...
Rd1+ 35. Kf2 Qe5 $19 {The simplest way to win. Now White recovers the material,
but his King is just too exposed and gets mated in all variations.} 36. Qf6+
Qxf6 37. e8=Q+ Kg7 38. Rxb7+ Kh6 39. Qxb8 f4 $19 40. Kf3 (40. Rb6 Qh4+ 41. Kf3
Qg3+ 42. Ke4 Qe3#) 40... Rd3+ 41. Kf2 Rd2+ 42. Kf3 Qc6+ 43. Kxf4 Qf6+ 44. Ke3
Qf2+ 45. Ke4 Qf5+ 46. Ke3 Qd3+ 47. Kf4 Rf2+ 48. Ke5 Re2+ 49. Kf4 Re4#) 35. Kf1
Qh1+ $2 (35... Qe5 36. Qf6+ Qxf6 37. e8=Q+ Kg7 38. Rxb7+ Kh6 39. Qxb8 (39. Rxb8
$2 Qg5 40. Qf8+ Kh5 $19) 39... Rd1+ 40. Ke2 Rd6 $13) 36. Kf2 Rd2+ (36... Kg7
37. e8=N+ $1 $18) 37. Ke3 Bf4+ $2 (37... f4+ 38. Kxd2 Qxg2+ 39. Kd3 Qf3+ $11)
38. Kxf4 $18 Qf1+ 39. Kg5 Qe2 40. Rxb7 $1 (40. Kh6 $2 g5 $1 $19) 40... Qe3+ 41.
Qf4 h6+ 42. Kf6 1-0